|
|
|
|
| LEADER |
01010nam a2200289 4500 |
| 001 |
c000071982 |
| 003 |
CARM |
| 005 |
00000000000000.0 |
| 008 |
701211r19701937nyub b 00100 eng |
| 019 |
1 |
|
|a 178885
|5 LACONCORD2021
|
| 020 |
|
|
|a 0804610924
|
| 035 |
|
|
|a (OCoLC)104855
|5 LACONCORD2021
|
| 043 |
|
|
|a ae-----
|a p------
|
| 050 |
0 |
0 |
|a DU29
|b .B42 1970
|
| 100 |
1 |
|
|a Bienstock, Gregory.
|
| 245 |
1 |
4 |
|a The struggle for the Pacific.
|
| 260 |
|
|
|a Port Washington, N.Y.,
|b Kennikat Press
|c [1970]
|
| 300 |
|
|
|a 299 p.
|b maps.
|c 22 cm.
|
| 500 |
|
|
|a Reprint of the 1937 ed.
|
| 504 |
|
|
|a Bibliography: p. [271]-277.
|
| 650 |
|
0 |
|a Eastern question (Far East)
|
| 650 |
|
0 |
|a Competition, International.
|
| 651 |
|
0 |
|a Pacific Area
|x Politics and government.
|
| 852 |
8 |
|
|b CARM
|h A2:AB08A0
|i B02545
|p 0094039
|f BK
|
| 082 |
0 |
4 |
|a 950
|
| 999 |
f |
f |
|i 630b3de8-8f15-5104-a1aa-4ce2bf8a4c4b
|s 40b6e318-3c90-53bd-8bf3-afe20113c5dd
|
| 952 |
f |
f |
|p Can circulate
|a CAVAL
|b CAVAL
|c CAVAL
|d CARM 1 Store
|e B02545
|f A2:AB08A0
|h Other scheme
|i book
|m 0094039
|